Handbook of biological physics (Record no. 480102)

000 -LEADER
fixed length control field 01082cas a2200289 a 4500
001 - CONTROL NUMBER
control field 10559790
003 - CONTROL NUMBER IDENTIFIER
control field ASAB
005 - DATE AND TIME OF LATEST TRANSACTION
control field 20180827062635.0
008 - FIXED-LENGTH DATA ELEMENTS--GENERAL INFORMATION
fixed length control field 960531d19952001ne x m s 0 0eng
020 ## - INTERNATIONAL STANDARD BOOK NUMBER
International Standard Book Number 978-93-83101-32-0
035 ## - SYSTEM CONTROL NUMBER
System control number (WaSeSS)ssj0058908
040 ## - CATALOGING SOURCE
Original cataloging agency DNAL
Transcribing agency ASAB
Modifying agency OCoLC
-- NLGGC
-- ICU
-- OCoLC
-- WaSeSS
130 0# - MAIN ENTRY--UNIFORM TITLE
Uniform title Handbook of biological physics (Online)
9 (RLIN) 1842
210 10 - ABBREVIATED TITLE
Abbreviated title Handbook of biological physics
210 0# - ABBREVIATED TITLE
Abbreviated title Handb. biol. phys.
222 #0 - KEY TITLE
Key title Handbook of biological physics
245 10 - TITLE STATEMENT
Title Handbook of biological physics
Statement of responsibility, etc. S.G. Sandhu
260 ## - PUBLICATION, DISTRIBUTION, ETC.
Place of publication, distribution, etc. Jaipur ;
-- delhi :
Name of publisher, distributor, etc. agrotech press,
Date of publication, distribution, etc. 2014.
300 ## - PHYSICAL DESCRIPTION
Extent 272 p.:
Other physical details ill. ;
Dimensions 25 cm.
650 #0 - SUBJECT ADDED ENTRY--TOPICAL TERM
Topical term or geographic name entry element Biophysics.
9 (RLIN) 1843
650 17 - SUBJECT ADDED ENTRY--TOPICAL TERM
Topical term or geographic name entry element Biofysica.
Source of heading or term gtt
9 (RLIN) 1844
655 #0 - INDEX TERM--GENRE/FORM
Genre/form data or focus term Electronic journals.
9 (RLIN) 1845
776 1# - ADDITIONAL PHYSICAL FORM ENTRY
Title Handbook of biological physics
International Standard Serial Number 1383-8121
Record control number (DLC)sn 96015249
856 40 - ELECTRONIC LOCATION AND ACCESS
Uniform Resource Identifier <a href="http://www.columbia.edu/cgi-bin/cul/resolve?clio10559790">http://www.columbia.edu/cgi-bin/cul/resolve?clio10559790</a>
Public note Full text available from eBook - Biochemistry, Genetics and Molecular Biology 1995 - 2006 [EBCBGMB06]: 1995 to 2001
942 ## - ADDED ENTRY ELEMENTS (KOHA)
Source of classification or shelving scheme
Koha item type Book
Holdings
Withdrawn status Lost status Source of classification or shelving scheme Damaged status Not for loan Permanent Location Current Location Date acquired Total Checkouts Full call number Barcode Date last seen Price effective from Koha item type
          Atta-ur-Rahman School of Applied Biosciences (ASAB) Atta-ur-Rahman School of Applied Biosciences (ASAB) 06/09/2016   574.19 SAN ASAB3355 06/09/2016 06/09/2016 Book
© 2023 Central Library, National University of Sciences and Technology. All Rights Reserved.